LDR 00574naa#a2200181#i#450# 001 EN\INFRA-M\bibl\126130 005 20260703143437.5 011 ## _a2500-3321 100 ## _a20260618b2026####ek#y0engy0150####ca 102 ## _aRU 200 1# _aThe peripeteia of globalization: from universalism to the loss of selfhood _eJournal article 210 1# _aMoscow _cINFRA-M Academic Publishing LLC. _d2026 215 ## _a10 с. 608 ## _aJournal article _2local 675 ## _aФилософия. Психология. 1 _z 700 #1 _aBekboev _gA. A. 700 #1 _aKarabukaev _gK. Sh. 856 4# _azh-szf.ru _u